| 000 | 00392nam a22001577a 4500 | ||
|---|---|---|---|
| 003 | macl | ||
| 005 | 20221229130338.0 | ||
| 008 | 221229b |||||||| |||| 00| 0 eng d | ||
| 040 | _cmacl | ||
| 082 | _a823/BHA | ||
| 100 |
_aBHAve,Shreyas _981644 |
||
| 245 | _aPrince of patliputra the asoka trilogy Book 1 | ||
| 260 |
_aWadala _bPlatinum press _c2018 |
||
| 650 | _aFiction | ||
| 942 |
_2ddc _cBK |
||
| 999 |
_c65800 _d65800 |
||